000 00459nmm a2200169Ia 4500
008 251105s9999||||xx |||||||||||||||||und||
041 _aspa
100 _aBoyle, T. C
245 0 _aLas mujeres
264 _a[Madrid, España] :
_bImpedimenta,
_c2016
300 _a544 páginas
650 _aNorth American narrative
700 _aBoyle, T. C
700 1 _a Osuna Aguilar, Julia
856 _uhttps://public.digitaliapublishing.com/a/50505
942 _cCF
999 _c63065
_d63065